เปลี่ยนเป็นภาษาไทย

Change to English
 แสดงรายละเอียดบรรณานุกรม
  กลับหน้าหลัก
ห้องสมุดโรงเรียนพะเยาพิทยาคม...ยินดีต้อนรับ...ทุกท่านเข้าสู่ระบบห้องสมุดอัตโนมัติ

Brief Record : Get Marc (ISO 2709) : E-mail record : QR code ปิดหน้าต่าง
หนังสืออ้างอิง : เกี่ยวกับ Collections
LEADER 00000nam 2200000uu 4500
001    13399120374
003     ULIBM
008    181031s||||||||th 000 0 tha d
082 0  ^a523.72^bส625พ
100 0  ^aสมานชาญ จันทร์เอี่ยม.
245  0 ^aพายุสุริยะ มหันตภัยหรือปรากฏการณ์ธรรมชาติ /^cโดย สมานชาญ จันทร์เอี่ยม.
250    ^aพิมพ์ครั้งที่ 2.
260    ^aกรุงเทพฯ :^bสถาบันวิจัยทางวิทยาศาสตร์,^cม.ป.ป.
300    ^a21 หน้า :^bภาพประกอบ ;^c21 ซม.
650    ^aการแผ่รังสีของดวงอาทิตย์.
999    ^aจริญญา ศิลธรรม
 
คุณยังไม่ได้ล็อกอิน คุณสามารถมีกิจกรรมร่วมกับเว็บไซต์ได้ แต่ต้องล็อกอินก่อน ::
  ล็อกอิน
ลำดับที่ ประเภท เลขเรียก/บาร์โค้ด สถานที่ สถานะ
1. หนังสือ
หนังสือ
523.72 ส625พ c.1 
  Barcode: 54100
ศูนย์การเรียนรู้วิทยาศาสตร์
►ศูนย์การเรียนรู้วิทยาศาสตร์
On Shelf
  ขอยืม
2. หนังสือ
หนังสือ
523.72 ส625พ c.2 
  Barcode: 54101
ศูนย์การเรียนรู้วิทยาศาสตร์
►ศูนย์การเรียนรู้วิทยาศาสตร์
On Shelf
  ขอยืม
3. หนังสือ
หนังสือ
523.72 ส625พ c.3 
  Barcode: 54102
ศูนย์การเรียนรู้วิทยาศาสตร์
►ศูนย์การเรียนรู้วิทยาศาสตร์
On Shelf
  ขอยืม
4. หนังสือ
หนังสือ
523.72 ส625พ c.4 
  Barcode: 54103
ศูนย์การเรียนรู้วิทยาศาสตร์
►ศูนย์การเรียนรู้วิทยาศาสตร์
On Shelf
  ขอยืม
5. หนังสือ
หนังสือ
523.72 ส625พ c.5 
  Barcode: 54104
ศูนย์การเรียนรู้วิทยาศาสตร์
►ศูนย์การเรียนรู้วิทยาศาสตร์
On Shelf
  ขอยืม
6. หนังสือ
หนังสือ
523.72 ส625พ c.6 
  Barcode: 54105
ศูนย์การเรียนรู้วิทยาศาสตร์
►ศูนย์การเรียนรู้วิทยาศาสตร์
On Shelf
  ขอยืม
7. หนังสือ
หนังสือ
523.72 ส625พ c.7 
  Barcode: 54106
ศูนย์การเรียนรู้วิทยาศาสตร์
►ศูนย์การเรียนรู้วิทยาศาสตร์
On Shelf
  ขอยืม
8. หนังสือ
หนังสือ
523.72 ส625พ c.8 
  Barcode: 54107
ศูนย์การเรียนรู้วิทยาศาสตร์
►ศูนย์การเรียนรู้วิทยาศาสตร์
On Shelf
  ขอยืม
9. หนังสือ
หนังสือ
523.72 ส625พ c.9 
  Barcode: 54108
ศูนย์การเรียนรู้วิทยาศาสตร์
►ศูนย์การเรียนรู้วิทยาศาสตร์
On Shelf
  ขอยืม
10. หนังสือ
หนังสือ
523.72 ส625พ c.10 
  Barcode: 54109
ศูนย์การเรียนรู้วิทยาศาสตร์
►ศูนย์การเรียนรู้วิทยาศาสตร์
On Shelf
  ขอยืม
11. หนังสือ
หนังสือ
523.72 ส625พ c.11 
  Barcode: 54110
ศูนย์การเรียนรู้วิทยาศาสตร์
►ศูนย์การเรียนรู้วิทยาศาสตร์
On Shelf
  ขอยืม
   [แสดง 11/11 รายการ]

หนังสือดีน่าอ่าน


“ดั่งดวงแก้ว ส่องสว่าง ทางสายงาม”


จัดทำขึ้นเพื่อเฉลิมพระเกียรติ สมเด็จพระเทพรัตนราชสุดา ฯ สยามบรมราชกุมารี 
เนื่องในโอกาสมหามงคลเฉลิมพระชนมพรรษา ๕ รอบ ๒ เมษายน ๒๕๕๘ 

โดยหนังสือเล่มนี้ได้รวบรวม ๖๐ พระอัจฉริยภาพของสมเด็จพระเทพ ฯ 
ผู้อ่านจะได้รับแรงบันดาลใจให้พากเพียรเรียนรู้และขยันอดทนทำการงาน
ตามรอยเบื้องพระยุคลบาท เพราะพระองค์ทรงเป็นแบบอย่างอันดีเยี่ยมในทุกด้าน 

ทั้งในความใฝ่รู้ใฝ่เรียน คุณธรรมจริยธรรม พระวิริยอุตสาหะในการทรงงาน 
และอื่นๆอีกมากมาย ล้วนสามารถสร้างแรงบันดาลใจให้แก่เด็กและเยาวชน

อีกทั้งประชาชนทั่วไป ให้พากเพียรเรียนรู้และขยันอดทนทำการงานตามรอยพระยุคลบาท 
เพื่อฝึกฝนตนเองให้เป็นคนดีคนเก่งของครอบครัวและสังคมต่อไป



แสดงความเห็นเกี่ยวกับหนังสือเล่มนี้


ยังไม่เคยถูกคอมเมนท์

คอมเมนท์ทรัพยากรรายการนี้
  คอมเมนท์: พายุสุริยะ มหันต..

 
 
 

 

ห้องสมุดเฉลิมพระเกียรติกาญจนาภิเษก  โรงเรียนพะเยาพิทยาคม อำเภอเมือง จังหวัดพะเยา 56000

 E-mail  : Library_ppk@windowslive.com     Library Phayaopittayakom 05-4431-275 ต่อ 4621


 Union Library Management : ULibM
Copyright 2026. All Rights Reserved.